书目信息 |
| 题名: |
传统茶饮保健康
|
|
| 作者: | 余茂基 著 | |
| 分册: | ||
| 出版信息: | 上海 上海科学技术文献出版社 2006.07 |
|
| 页数: | 224页 | |
| 开本: | 21cm | |
| 丛书名: | 中医养生丛书 | |
| 单 册: | ||
| 中图分类: | R274.1 | |
| 科图分类: | ||
| 主题词: | 药茶疗法--yao cha liao fa | |
| 电子资源: | ||
| ISBN: | 7-5439-2726-8 | |
| 000 | 00838nam 2200241 450 | |
| 001 | 012006261608 | |
| 005 | 20061018164106.59 | |
| 010 | @a7-5439-2726-8@dCNY18.00 | |
| 100 | @a20060914d2006 km y0chiy0120 ea | |
| 101 | 0 | @achi |
| 102 | @aCN@b310000 | |
| 105 | @ay z 000yy | |
| 200 | 1 | @a传统茶饮保健康@Achuan tong cha yin bao jian kang@f余茂基著@Fyu mao ji zhu |
| 210 | @a上海@c上海科学技术文献出版社@d2006.07 | |
| 215 | @a224页@d21cm | |
| 225 | 2 | @a中医养生丛书@Azhong yi yang sheng cong shu |
| 330 | @a本书主要介绍用各种食物,茶,配以滋补药材,做成好喝又治病养生的茶饮。这些保健茶饮方具有原料易得,制作方便的特点,喝喝就能祛病养生。 | |
| 410 | 0 | @12001 @a中医养生丛书 |
| 606 | 0 | @a药茶疗法@Ayao cha liao fa |
| 690 | @aR274.1@v4 | |
| 701 | 0 | @a余茂基@Ayu mao ji@4著 |
| 801 | 0 | @aCN@c20061018 |
| 905 | @a10447@dR274.1@eY761 | |
| 传统茶饮保健康/余茂基著.-上海:上海科学技术文献出版社,2006.07 |
| 224页;21cm.-(中医养生丛书) |
| ISBN 7-5439-2726-8:CNY18.00 |
| 本书主要介绍用各种食物,茶,配以滋补药材,做成好喝又治病养生的茶饮。这些保健茶饮方具有原料易得,制作方便的特点,喝喝就能祛病养生。 |
| ● |
| 相关链接 |
|
|
|
正题名:传统茶饮保健康
索取号:R274.1/Y761
 
预约/预借
| 序号 | 登录号 | 条形码 | 馆藏地/架位号 | 状态 | 备注 |
| 1 | 221716 | 202217163 | 自科库401/ [索取号:R274.1/Y761] | 在馆 | |
| 2 | 221717 | 202217172 | 自科库401/401自科库 12排1列1层/ [索取号:R274.1/Y761] | 在馆 | |
| 3 | 221718 | 202217181 | 自科库401/401自科库 12排1列1层/ [索取号:R274.1/Y761] | 在馆 |